000 01895cam a2200433 i 4500
999 _c233799
_d233799
001 on1037271814
003 OCoLC
005 20180611151821.0
008 180524r20182018nyu 000 0deng d
010 _abl2018086908
020 _a9781250205797
_q(hardcover)
020 _a1250205794
_q(hardcover)
035 _a1189633
040 _aGCmBT
_beng
_cPCX
_erda
_dPCX
_dOCLCO
_dTnLvILS
043 _an-us---
_an-us-al
050 _a364.6
082 _a364.6
092 _a364.6
100 1 _aHinton, Anthony Ray,
_eauthor.
_95747239
245 1 4 _aThe sun does shine :
_bhow I found life and freedom on death row /
_cAnthony Ray Hinton, with Lara Love Hardin ; and a foreword by Bryan Stevenson.
250 _aOprah's Book Club edition.
264 1 _aNew York :
_bSt. Martin's Press,
_c2018.
300 _axii, 269 pages ;
_c25 cm.
336 _atext
337 _aunmediated
338 _avolume
520 _aA man who spent thirty years on death row for a crime he did not commit describes how he became a victim of a flawed legal system, recounting the years he shared with fellow inmates who were eventually executed before his exoneration.
600 1 0 _aHinton, Anthony Ray
_xTrials, litigation, etc.
_95744165
650 0 _aTrials (Murder)
_zAlabama
_zBessemer.
_95744166
650 0 _aMistaken identity
_zUnited States.
_95744167
650 0 _aDeath row
_zAlabama
_zBessemer.
_95744168
650 0 _aCapital punishment
_zUnited States.
_9100579
650 0 _aDeath row inmates
_zUnited States.
_95744169
650 0 _aCompensation for judicial error
_zUnited States.
_95744170
700 1 _aHardin, Lara Love,
_eauthor.
_95747240
775 0 8 _iReproduction of (manifestation):
_aHinton, Anthony Ray.
_tSun does shine
_dNew York : St. Martin's Press, 2018
_w(DLC) 2017044467.
907 _a.b396402136
942 _2ddc
_cBOOK